Регионална библиотека "Любен Каравелов" - Русе

Повесть о господине Зоммере (Запис номер 43164)

MARC детайли
000 -Лидер
Контролно поле с фиксирана дължина 00903nam a2200265 c 4500
003 - Код на организацията, давaща контролен номер
Контролно поле BLK
005 - Дата и час на последна редакция
Контролно поле 20240402121320.0
008 - Елементи от данни с фиксирана дължина
fixed length control field 180408b bul|||||r ||||||| ||bul||
010 ## - Наследен системен номер
LC control number KNG00046855000
020 ## - Международен стандартен номер на книга ISBN
Международен стандартен номер на книга ISBN 5-267-00206-2
-- издат.: Азбука
040 ## - Източник на каталожния запис
Идентификатор на билиотеката - собственик на записа BLK
041 ## - Код за език
Код за езика на текст/звукозапис или на отделно заглавие Руски
Код за езика КДБФ Руски
080 ## - УДК
Текстов определител УДК Немска литература
УДК код - определител по УДК 821.112.2
УДК определител -31
УДК - код + определител 821.112.2-31
100 1# - Редна дума - Автор
Автор Зюскинд, Патрик
Авторска отговорност първи автор
R(LIN) 70367
139 ## - Редно поле
Редна дума ЗЮСКИНД, Патрик
Авторски знак
245 10 - Сведения за заглавието
Заглавие Повесть о господине Зоммере
Редно поле (дума) Патрик Зюскинд.
260 ## - Област на издателските данни
-- С.-Петербург
Име на издателя, разпространителя и проч. Азбука
Година на издаване 2000
300 ## - Физическа характеристика
Страници 150 с.
Илюстрации и др. с ил.
Размери/Мащаб 19 см
852 ## - Местоположение
Форматна сигнатура Цб 209292
856 4# - Електронен адрес и достъп
Електронен формат pdf - файл
Път до файла /url/
856 4# - Електронен адрес и достъп
Електронен формат pdf - файл
Път до файла /url/
942 ## - АРТИКУЛИ
Вид на библиотечния материал Книги
Скрит в OPAC Не
Koha issues (borrowed), all copies 2
944 ## - СЪЗДАВАНЕ И РЕДАКЦИЯ на ЗАПИСА
Създаване/Редакция Създаване
Дата на регистрацията/редакция 01.01.2000
Служител, извършил регистрацията/редакцията 30530
Статус, дата на статуса Минев Младен
944 ## - СЪЗДАВАНЕ И РЕДАКЦИЯ на ЗАПИСА
Създаване/Редакция Редакция
Дата на регистрацията/редакция 09.02.2018
Служител, извършил регистрацията/редакцията Ренета_Константинова
999 ## - СИСТЕМНИ КОНТРОЛНИ НОМЕРА
Koha biblionumber 43164
Koha biblioitemnumber 43164
Наличности
Код за отписване Код за изгубен артикул Източник на класификационната схема Код за повреда Коз за рестрикции Код за отдаване Артикулен № Име на библиотеката - собственик Име на библиотеката, в която се намира в момента Статус (Текущо местоположение) Дата на вписване в системата Местоположение - отдел Цена в лева Инвентарен номер Систематично азбучна сигнатура Баркод Номер на екземпляра Цена в евро Служебна бележка Служебен тип на артикула
  Не е изгубен Universal Decimal Classification Не е повреден без рестрикции заемане за дома 67903 Регионална библиотека "Любен Каравелов" Русе Регионална библиотека "Любен Каравелов" Русе Заемна - подръчен фонд 2001-01-01 Заемна - подръчен фонд 2.80 666349 П 830-31/З 98 120000666349 1 1.43 Дата инв: 09.02.2018 Бележки инв: П2018 Книги
Vip Innovations Ltd, Rousse, Bulgaria 2025